[Event "Bullet Chess Winners 2024"]
[Site "chess.com INT"]
[Date "2024.06.10"]
[Round "2.9"]
[White "Nakamura,Hi"]
[Black "Paravyan,D"]
[Result "1-0"]
[WhiteElo "2794"]
[BlackElo "2610"]

1.b3 d5 2.Bb2 c5 3.Nf3 f6 4.e3 e5 5.d4 cxd4 6.exd4 e4 7.Nfd2 f5 8.c4 Nf6
9.Nc3 Be6 10.cxd5 Nxd5 11.Bc4 g6 12.O-O Nc6 13.Ndxe4 fxe4 14.Nxe4 Qd7 15.Bxd5 O-O-O
16.Bxe6 Qxe6 17.d5 Rxd5 18.Qf3 Rf5 19.Qh3 Rg8 20.Ng3 Re5 21.Bxe5 Qxh3 22.gxh3 Nxe5
23.Rac1+ Nc6 24.f4 Kc7 25.f5 Ba3 26.Rc2 gxf5 27.Rxf5 Kb6 28.Rf7 Rd8 29.Kg2 a5
30.Rxh7 Bc5 31.h4 Nb4 32.Re2 Kb5 33.Rxb7+ Ka6 34.Rf7 Kb5 35.h5 Nd3 36.h6 Rd6
37.h7 Rh6 38.Re4  1-0

[Event "Bullet Chess Winners 2024"]
[Site "chess.com INT"]
[Date "2024.06.10"]
[Round "2.8"]
[White "Paravyan,D"]
[Black "Nakamura,Hi"]
[Result "0-1"]
[WhiteElo "2610"]
[BlackElo "2794"]

1.d4 g6 2.c4 Bg7 3.Nf3 c5 4.g3 b5 5.cxb5 cxd4 6.Nxd4 Bb7 7.Nf3 Qa5+ 8.Bd2 Qxb5
9.Nc3 Qb6 10.Bg2 Nf6 11.O-O O-O 12.Na4 Qb5 13.Nd4 Qa6 14.Nc5 Qb6 15.Bxb7 Qxc5
16.Nb3 Qh5 17.Bxa8 Ng4 18.h4 d5 19.Bg5 e6 20.e4 h6 21.Be7 Re8 22.Bd6 Na6
23.Bc6 Rd8 24.Bf4 Nb4 25.Bb7 g5 26.Bd2 gxh4 27.Qf3 dxe4 28.Qe2 Nc2 29.Bf4 e5
30.Qxc2 exf4 31.Qxe4 hxg3 32.Qh1 gxf2+ 33.Rxf2 Qg5 34.Qg2 Nxf2 35.Kxf2 Qf6
36.Rf1 Qxb2+ 37.Kg1 Qe5 38.Kh1 Rd3 39.Bf3 Re3 40.Rg1 Qf6 41.Nd2 Qh4+ 42.Qh2 Qxh2+
43.Kxh2 Rd3 44.Rg2 Kf8 45.Re2 Bc3 46.Kg2 Rxd2 47.Rxd2 Bxd2  0-1

[Event "Bullet Chess Winners 2024"]
[Site "chess.com INT"]
[Date "2024.06.10"]
[Round "2.7"]
[White "Nakamura,Hi"]
[Black "Paravyan,D"]
[Result "0-1"]
[WhiteElo "2794"]
[BlackElo "2610"]

1.b3 d5 2.Bb2 c5 3.Nf3 f6 4.c4 d4 5.e3 e5 6.Bd3 Nc6 7.exd4 cxd4 8.Be4 Nge7
9.O-O Be6 10.Re1 Qc7 11.Bxc6+ Nxc6 12.Nxd4 Nxd4 13.Bxd4 O-O-O 14.Bc3 Bc5
15.Qc1 Rd3 16.Na3 a6 17.b4 Bd4 18.Bxd4 Rxd4 19.b5 Bxc4 20.bxa6 Bxa6 21.Qb2 Kb8
22.Rec1 Qd6 23.Nb5 Qb6 24.a4 Rhd8 25.Rab1 Rxd2 26.Qc3 Qxf2+  0-1

[Event "Titled Tue 11th Jun Early"]
[Site "chess.com INT"]
[Date "2024.06.11"]
[Round "1"]
[White "Nakamura,Hi"]
[Black "Stepanencu,Nicodim-Cosmin"]
[Result "1-0"]
[WhiteElo "2794"]
[BlackElo "2296"]

1.Nf3 c5 2.b3 b6 3.e4 Bb7 4.Nc3 g6 5.Bb2 Bg7 6.d3 d6 7.g3 Nd7 8.Bg2 Ngf6
9.O-O O-O 10.Nh4 Qc8 11.f4 a6 12.Qe2 e6 13.Nd1 b5 14.Nf2 Re8 15.e5 Bxg2 16.Kxg2 Qc6+
17.Nf3 Nd5 18.Ne4 dxe5 19.fxe5 h6 20.c4 Ne7 21.Kg1 Nf5 22.Qf2 bxc4 23.bxc4 Rf8
24.Rae1 Rab8 25.Bc3 Rbd8 26.Nf6+ Kh8 27.g4 Nd4 28.Nxd4 cxd4 29.Bd2 Qc7 30.Qh4  1-0

[Event "Titled Tue 11th Jun Late"]
[Site "chess.com INT"]
[Date "2024.06.11"]
[Round "1"]
[White "Nakamura,Hi"]
[Black "Mordechai,H"]
[Result "1-0"]
[WhiteElo "2794"]
[BlackElo "2313"]

1.Nf3 Nf6 2.b3 d5 3.c4 c6 4.Bb2 e6 5.e3 Nbd7 6.d4 Bd6 7.Bd3 O-O 8.Nbd2 b6
9.e4 dxe4 10.Nxe4 Nxe4 11.Bxe4 Bb7 12.Bc2 Nf6 13.Qd3 Re8 14.O-O-O c5 15.dxc5 Bf4+
16.Kb1 Qxd3 17.Rxd3 Be4 18.Rd4 Bxc2+ 19.Kxc2 e5 20.Rdd1 e4 21.Ng1 bxc5 22.Bxf6 gxf6
23.Ne2 Be5 24.Rd5 Rac8 25.Ng3 Bd4 26.Rf1 Rc6 27.Nf5 Ra6 28.a4 Re5 29.Rd8+  1-0

[Event "Titled Tue 11th Jun Early"]
[Site "chess.com INT"]
[Date "2024.06.11"]
[Round "2"]
[White "Baradaran Tamadon,Arian"]
[Black "Nakamura,Hi"]
[Result "0-1"]
[WhiteElo "2304"]
[BlackElo "2794"]

1.Nf3 g6 2.g3 Bg7 3.Bg2 d6 4.O-O Bd7 5.e4 Qc8 6.Re1 Bh3 7.Bh1 c5 8.c3 Nc6
9.d4 cxd4 10.cxd4 Bg4 11.Be3 Nf6 12.Nbd2 d5 13.e5 Ne4 14.Qb3 Be6 15.Nxe4 dxe4
16.d5 Bxd5 17.Qxd5 exf3 18.Bf4 O-O 19.Bxf3 Rd8 20.Qe4 Nd4 21.Rac1 Qe6 22.Red1 Qb6
23.b3 e6 24.Be3 Nxf3+ 25.Qxf3 Rxd1+ 26.Rxd1 Qb5 27.a4 Qxb3 28.Rd7 Qb1+ 29.Kg2 Qf5
30.Qxf5 gxf5 31.Rxb7 a6 32.f4 Bf8 33.Kf3 Rc8 34.a5 Rc3 35.Kf2 Bc5 36.Bxc5 Rxc5
37.h3 Rxa5 38.g4 fxg4 39.hxg4 Kg7 40.Kg3 Rb5 41.Ra7 a5 42.Kh4 Kg6 43.Ra6 Kg7
44.Ra7 h6 45.Ra6 Rb4 46.Kg3 a4 47.Ra7 Kg6 48.Ra6 Kg7 49.Ra7 Rc4 50.Ra6 Rc3+
51.Kh4 a3 52.Ra7 Rf3 53.Ra4 Kg6 54.Rb4 a2 55.Ra4 Rf2 56.Kg3 Rb2 57.Kh4 Rb4
58.Rxa2 Rxf4 59.Re2 Rf3 60.Re4 Rd3 61.Rf4 Re3 62.Rf6+ Kg7  0-1

[Event "Titled Tue 11th Jun Late"]
[Site "chess.com INT"]
[Date "2024.06.11"]
[Round "2"]
[White "Goltsev,Dmitry"]
[Black "Nakamura,Hi"]
[Result "0-1"]
[WhiteElo "2170"]
[BlackElo "2794"]

1.e4 c6 2.e5 d5 3.exd6 exd6 4.d4 d5 5.Nf3 Bd6 6.c4 Ne7 7.Nc3 O-O 8.Bd3 h6
9.O-O Bg4 10.h3 Bh5 11.Re1 Nd7 12.a3 Nf6 13.b4 dxc4 14.Bxc4 Ned5 15.Bd2 Qd7
16.Rc1 Rad8 17.Ne4 Nxe4 18.Rxe4 Bc7 19.g4 f5 20.Ne5 Qc8 21.Re1 fxg4 22.hxg4 Bxe5
23.Rxe5 Bxg4 24.Rxd5 cxd5 25.Be2 Bxe2 26.Qxe2 Qf5 27.Rc7 Rde8 28.Be3 Re6
29.Qb5 Rxe3 30.fxe3 Qf2+ 31.Kh1 Qe1+ 32.Kg2 Rf2+ 33.Kh3 Qxe3+ 34.Kg4 Rf4+
35.Kh5 Qh3+ 36.Kg6 Qf5+  0-1

[Event "Bullet Chess Winners 2024"]
[Site "chess.com INT"]
[Date "2024.06.11"]
[Round "3.1"]
[White "Nakamura,Hi"]
[Black "Nihal,Sarin"]
[Result "1-0"]
[WhiteElo "2794"]
[BlackElo "2669"]

1.Nf3 d5 2.b3 Nf6 3.Bb2 c5 4.e3 Nc6 5.d4 cxd4 6.Nxd4 Qc7 7.Nxc6 bxc6 8.Nd2 e5
9.c4 Bd6 10.Qc2 d4 11.exd4 exd4 12.Bxd4 O-O 13.Be2 Re8 14.Be3 Bf4 15.Bxf4 Qxf4
16.Nf3 Bg4 17.O-O Rad8 18.Rfe1 h5 19.Rad1 Bf5 20.Qb2 Rxd1 21.Rxd1 h4 22.h3 Be4
23.Qd4 Qc7 24.Nxh4 Re7 25.Nf3 Rd7 26.Qe3 Re7 27.Qd2 Re8 28.Nd4 a6 29.Bf1 c5
30.Ne2 Bg6 31.Nc3 Qe5 32.Nd5 Nxd5 33.cxd5 Qd6 34.Re1 Rxe1 35.Qxe1 Qxd5 36.Bxa6 Qd4
37.Bc4 Qb2 38.a4 Bc2 39.Qe8+ Kh7 40.Qxf7 Bg6 41.Qg8+ Kh6 42.Qb8 Bc2 43.Qf4+ Kg6
44.Bf7+ Kh7 45.Qh4+  1-0

[Event "Bullet Chess Winners 2024"]
[Site "chess.com INT"]
[Date "2024.06.11"]
[Round "3.2"]
[White "Nihal,Sarin"]
[Black "Nakamura,Hi"]
[Result "0-1"]
[WhiteElo "2669"]
[BlackElo "2794"]

1.e4 g6 2.Nc3 Bg7 3.d4 c6 4.Be3 d5 5.Nf3 Nf6 6.e5 Nfd7 7.e6 fxe6 8.h4 e5
9.h5 e4 10.Ng5 Nf8 11.hxg6 hxg6 12.Rxh8 Bxh8 13.f3 exf3 14.Qxf3 Bf6 15.Bd3 Bf5
16.Bxf5 gxf5 17.Qxf5 Qd7 18.Qf3 Na6 19.O-O-O O-O-O 20.Nf7 Re8 21.g4 Qe6 22.Ne5 Bxe5
23.dxe5 Nd7 24.Bxa7 b6 25.Nxd5 cxd5 26.Rxd5 Nc7 27.Rd1 Qxa2 28.Qc6 Qa1+ 29.Kd2 Qxa7
30.e6 Ne5 31.Qe4 Rd8+ 32.Ke1 Qa5+  0-1

[Event "Bullet Chess Winners 2024"]
[Site "chess.com INT"]
[Date "2024.06.11"]
[Round "3.3"]
[White "Nakamura,Hi"]
[Black "Nihal,Sarin"]
[Result "1-0"]
[WhiteElo "2794"]
[BlackElo "2669"]

1.Nf3 g6 2.b3 Bg7 3.d4 d6 4.Bb2 Nc6 5.e3 Bg4 6.Be2 e5 7.dxe5 dxe5 8.Nbd2 Nge7
9.Nc4 Bxf3 10.Bxf3 O-O 11.O-O f5 12.e4 f4 13.Bg4 Nd4 14.c3 Ndc6 15.b4 Kh8
16.b5 Nb8 17.Qxd8 Rxd8 18.Rfd1 Rf8 19.Ba3 Re8 20.Bxe7  1-0

[Event "Titled Tue 11th Jun Late"]
[Site "chess.com INT"]
[Date "2024.06.11"]
[Round "3"]
[White "Nakamura,Hi"]
[Black "Amburgy,Ryan"]
[Result "1-0"]
[WhiteElo "2794"]
[BlackElo "2242"]

1.Nf3 d5 2.e3 Nf6 3.c4 e6 4.b3 b6 5.Bb2 Bb7 6.cxd5 exd5 7.Nc3 Nbd7 8.d4 a6
9.g3 Bd6 10.Bg2 O-O 11.O-O Re8 12.Rc1 h6 13.Qc2 Qe7 14.Rfd1 Rac8 15.Nh4 Ba3
16.Bh3 Bxb2 17.Qxb2 g6 18.b4 Red8 19.b5 a5 20.Nf3 Ne4 21.Nxe4 Qxe4 22.Nd2 Qe7
23.Rc3 Qd6 24.Rdc1 c5 25.bxc6 Rxc6 26.Rxc6 Bxc6 27.Nf3 Rb8 28.Ne5 Ba4 29.Qc3 Nxe5
30.dxe5 Qe7 31.Qd4 Be8 32.e6 Qd6 33.Qf6 Rd8 34.Rc8 Rxc8 35.exf7+ Bxf7 36.Qxd6 Rc2
37.Be6  1-0

[Event "Bullet Chess Winners 2024"]
[Site "chess.com INT"]
[Date "2024.06.11"]
[Round "3.4"]
[White "Nihal,Sarin"]
[Black "Nakamura,Hi"]
[Result "1/2-1/2"]
[WhiteElo "2669"]
[BlackElo "2794"]

1.Nf3 g6 2.d4 Bg7 3.e4 d6 4.Nc3 Nf6 5.Be3 c6 6.h3 Qa5 7.Qd2 b5 8.Bd3 Nbd7
9.O-O e5 10.dxe5 dxe5 11.a4 b4 12.Ne2 Ba6 13.Ng3 Bxd3 14.cxd3 c5 15.Rac1 O-O
16.Bh6 Qxa4 17.Bxg7 Kxg7 18.Qg5 Rae8 19.Nf5+ Kh8 20.Nd6 Re6 21.Nc4 Rfe8 22.Ra1 Qb3
23.Rxa7 Qxd3 24.Ne3 Qxe4 25.Rd1 Qf4 26.Raxd7 Nxd7 27.Rxd7 f6 28.Qxf4 exf4
29.Nd5 g5 30.h4 g4 31.Nh2 Re1+ 32.Nf1 Rd1 33.Kh2 Re5 34.Rd8+ Kg7 35.Rd7+ Kh8
36.Rd8+ Kg7 37.Rd7+ Kh6 38.Nxf6 Rxd7 39.Nxg4+ Kg7 40.Nxe5 Rd5 41.Nf3 c4 42.N1d2 c3
43.bxc3 bxc3 44.Nb3 c2 45.Ne1 Rb5 46.Nxc2 Rxb3 47.Nd4 Rb4 48.Nf3 Kf6 49.Kh3 h5
50.g3 Kf5 51.Kg2 fxg3 52.fxg3 Rb2+ 53.Kh3 Ra2 54.Ng5 Rf2 55.Nh7 Ke4 56.Ng5+ Ke3
57.g4 Kf4 58.gxh5 Kf5 59.h6 Kg6 60.h7 Kg7 61.Kg4 Rf6 62.Kh5 Rh6+ 63.Kg4 Rg6
64.h5 Rh6 65.Kf5 Rxh5 66.Kg4 Rxh7 67.Kf5 Rh5 68.Kg4 Kg6 69.Ne6 Ra5 70.Nf4+ Kf6
71.Nd3 Ra4+ 72.Nf4 Ke5 73.Kf3 Rxf4+ 74.Ke3 Re4+ 75.Kd3 Kd5 76.Kc3 Rd4 77.Kb3 Rc4
78.Kb2 Kc5 79.Ka1 Kb4 80.Ka2  1/2-1/2

[Event "Bullet Chess Winners 2024"]
[Site "chess.com INT"]
[Date "2024.06.11"]
[Round "3.5"]
[White "Nakamura,Hi"]
[Black "Nihal,Sarin"]
[Result "0-1"]
[WhiteElo "2794"]
[BlackElo "2669"]

1.b3 e5 2.Bb2 Nc6 3.e3 Nf6 4.Bb5 Bd6 5.Na3 Na5 6.Nc4 Nxc4 7.Bxc4 c6 8.Be2 O-O
9.d4 e4 10.c4 Bb4+ 11.Kf1 d5 12.Nh3 Bxh3 13.gxh3 Qd7 14.Kg2 Rfe8 15.Rg1 Bd6
16.Qf1 h5 17.Kh1 Qf5 18.Qg2 g6 19.Raf1 a5 20.f3 exf3 21.Rxf3 Qe6 22.Rgf1 Ne4
23.Bd3 Re7 24.c5 Bc7 25.a3 Rf8 26.b4 axb4 27.axb4 f5 28.b5 Kh7 29.b6 Bd8
30.Bc1 Ref7 31.Bc2 Bf6 32.Rf4 Bg7 33.Bxe4 dxe4 34.Bd2 Bh6 35.R4f2 Ra8 36.Rg1 Rg7
37.Bc3 Qd5 38.Bd2 Ra3 39.Re2 Rd3 40.Bc1 Qb3 41.Qg3 f4 42.Qh4 f3 43.Rb2 Qe6
44.Qf2 Qf5 45.d5 Qxd5 46.Rb1 Rd1 47.Bb2 Rxg1+ 48.Rxg1 Rd7 49.Qg3 Qf5 50.Qb8 Bg7
51.Bxg7 Rxg7 52.Qd6 f2  0-1

[Event "Bullet Chess Winners 2024"]
[Site "chess.com INT"]
[Date "2024.06.11"]
[Round "3.6"]
[White "Nihal,Sarin"]
[Black "Nakamura,Hi"]
[Result "0-1"]
[WhiteElo "2669"]
[BlackElo "2794"]

1.Nf3 g6 2.g3 Bg7 3.Bg2 d6 4.O-O Bd7 5.d4 Nc6 6.h4 Qc8 7.d5 Ne5 8.Nc3 Nxf3+
9.exf3 Nf6 10.Re1 e6 11.Bg5 O-O 12.dxe6 Bxe6 13.Qd2 d5 14.Bxf6 Bxf6 15.Nxd5 Bxd5
16.Qxd5 Bxb2 17.Rab1 c6 18.Qb3 Bd4 19.Qxb7 Qf5 20.Qxc6 Rac8 21.Qe4 Qc5 22.Re2 Kg7
23.Rd1 Rfe8 24.Qd3 Red8 25.Kh2 Bf6  0-1

[Event "Bullet Chess Winners 2024"]
[Site "chess.com INT"]
[Date "2024.06.11"]
[Round "3.7"]
[White "Nakamura,Hi"]
[Black "Nihal,Sarin"]
[Result "1/2-1/2"]
[WhiteElo "2794"]
[BlackElo "2669"]

1.Nf3 Nf6 2.b3 g6 3.Bb2 d6 4.d4 Bg7 5.e3 O-O 6.Be2 c5 7.O-O cxd4 8.Nxd4 d5
9.c4 Bd7 10.Nc3 dxc4 11.Bxc4 Nc6 12.Nce2 Rc8 13.Nxc6 Bxc6 14.Nd4 Bd5 15.Be2 Ne4
16.Rc1 Qa5 17.Rxc8 Rxc8 18.Qa1 Nc3 19.Bc4 Ne4 20.Bd3 Nd6 21.Nc6 Bxb2 22.Nxe7+ Kf8
23.Qxb2 Kxe7 24.Qe5+ Kd7 25.e4 Qc3 26.Qxc3 Rxc3 27.Rd1 Be6 28.e5 Ne8 29.Bxg6+ Ke7
30.Bxh7 Nc7 31.Be4 Nb5 32.Bxb7 Rc5 33.f4 Nc3 34.Rd2 Rc7 35.Bf3 Nb5 36.g4 a5
37.f5 Bc8 38.h4 Bb7 39.Bxb7 Rxb7 40.h5 Nc7 41.h6 Rb8 42.Kf2 Rh8 43.g5 Ne8
44.Kf3 Rg8 45.h7 Rh8 46.Rh2 Kf8 47.f6 Nc7 48.Kf4 Ne6+ 49.Kg4 Nd4 50.a3 Ne6
51.Rc2 Ke8 52.Rh2 Nf8 53.e6 fxe6 54.Kf4 Kf7 55.Rh6 Ng6+ 56.Ke4 Nf8 57.b4 axb4
58.axb4 Ng6 59.b5 Rb8 60.b6 Rxb6 61.Rxg6 Rb4+ 62.Kd3 Kxg6 63.h8=Q Kf5 64.Qg7 Rb3+
65.Kc4 Rb7 66.Qh7+ Rxh7 67.f7 Rxf7 68.g6 Kxg6 69.Kd3 Rf5 70.Kd2 Kf6 71.Ke2  1/2-1/2

[Event "Bullet Chess Winners 2024"]
[Site "chess.com INT"]
[Date "2024.06.11"]
[Round "3.8"]
[White "Nihal,Sarin"]
[Black "Nakamura,Hi"]
[Result "0-1"]
[WhiteElo "2669"]
[BlackElo "2794"]

1.Nf3 g6 2.g3 Bg7 3.Bg2 d6 4.O-O Bd7 5.d4 Qc8 6.Nc3 c5 7.Re1 cxd4 8.Nxd4 Nc6
9.Nb3 Nf6 10.e4 O-O 11.Nd5 Bg4 12.f3 Bh3 13.c3 Bxg2 14.Kxg2 e6 15.Nxf6+ Bxf6
16.Qxd6 Ne5 17.Qd1 Rd8 18.Qe2 Nd3 19.Rd1 Qc4 20.Kf1 b5 21.Na5 Qa4 22.Nb7 Nxc1
23.Raxc1 Rxd1+ 24.Rxd1 Qxa2 25.Nd6 b4 26.e5 Be7 27.cxb4 Rb8 28.b5 Qb3 29.f4 Qb4
30.Kg2 Rb6 31.Qd2 Qc5 32.h4 h5 33.Rc1 Qd5+ 34.Qxd5 exd5 35.Rc6 Kf8 36.Rc8+ Kg7
37.Rc6 Kf8 38.Kf3 Bxd6 39.exd6 Ke8 40.Rc8+ Kd7 41.Rc7+ Kxd6 42.Rxf7 Rxb5
43.Rf6+ Kc5 44.Rxg6 Rb3+ 45.Kf2 d4 46.Rg5+ Kc4 47.Rxh5 Rxb2+ 48.Kf3 Rb3+
49.Kg4 d3 50.Rh8 Rb5 51.Rd8 Rd5 52.Rxd5 Kxd5 53.Kf3 Kd4 54.h5 Kc3 55.h6 d2  0-1

[Event "Bullet Chess Winners 2024"]
[Site "chess.com INT"]
[Date "2024.06.11"]
[Round "3.9"]
[White "Nakamura,Hi"]
[Black "Nihal,Sarin"]
[Result "1-0"]
[WhiteElo "2794"]
[BlackElo "2669"]

1.b3 Nf6 2.Bb2 g6 3.e3 Bg7 4.Nf3 O-O 5.d4 d6 6.Be2 b6 7.O-O Bb7 8.c4 Nbd7
9.Qc2 e5 10.dxe5 dxe5 11.Nxe5 Nxe5 12.Bxe5 Re8 13.Bb2 Qd7 14.Nd2 Rad8 15.Rad1 Qc6
16.Bf3  1-0

[Event "Bullet Chess Winners 2024"]
[Site "chess.com INT"]
[Date "2024.06.11"]
[Round "3.10"]
[White "Nihal,Sarin"]
[Black "Nakamura,Hi"]
[Result "1/2-1/2"]
[WhiteElo "2669"]
[BlackElo "2794"]

1.b3 g6 2.Bb2 Nf6 3.Nf3 Bg7 4.e3 d6 5.d4 e5 6.Be2 e4 7.Nfd2 O-O 8.c4 Re8
9.Nc3 Nc6 10.g4 h6 11.h4 g5 12.hxg5 hxg5 13.Qc2 Nb4 14.Qb1 c5 15.d5 Qe7 16.a3 Na6
17.Nf1 Nxg4 18.Ng3 f5 19.Bxg4 fxg4 20.Ncxe4 Be5 21.Rh6 Kg7 22.Rxd6 Rh8 23.Kd2 Kf7
24.Bxe5 Qxe5 25.Ra2 Rh2 26.Rf6+ Ke7 27.Qb2 Qxb2+ 28.Rxb2 Bd7 29.d6+ Ke8 30.Nf5 Bc6
31.Ng7+ Kd8 32.Rf8+ Kd7 33.Rf7+ Kc8 34.Ng3 b5 35.cxb5 Bxb5 36.Rc2 Rb8 37.Ne6 Rb6
38.Nxc5 Rxd6+ 39.Kc1 Nxc5 40.Rxc5+ Rc6 41.Rxc6+ Bxc6 42.Rf5 Bf3 43.Rxg5 Rxf2
44.Nf5 Rg2 45.Nd4 Kc7 46.b4 Be4 47.Nb5+ Kd7 48.Nd4 g3 49.b5 Rg1+ 50.Kd2 g2
51.Ne2 Rb1 52.Kc3 Re1 53.Kd4 Bf3 54.Nf4 g1=Q 55.Rxg1 Rxg1 56.Nd3 Rd1 57.Kc3 Be2
58.Ne5+ Ke6 59.Nc6 Kd5 60.Nd4 Rd3+ 61.Kb4 Rxe3 62.Nb3 Re4+ 63.Ka5 Bc4 64.Nd2 Re3
65.Nb1 Rb3 66.Nd2 Rxa3+ 67.Kb4 Ra2 68.Nxc4 Kd4 69.Nd6 Rb2+ 70.Ka5 Kc5 71.Nb7+ Kc4
72.Nd8 Kd5 73.Nc6 Rxb5+ 74.Kxb5 a6+ 75.Kxa6  1/2-1/2

[Event "Bullet Chess Winners 2024"]
[Site "chess.com INT"]
[Date "2024.06.11"]
[Round "3.11"]
[White "Nakamura,Hi"]
[Black "Nihal,Sarin"]
[Result "1-0"]
[WhiteElo "2794"]
[BlackElo "2669"]

1.b3 e5 2.Bb2 Nc6 3.e3 Nf6 4.Bb5 Bd6 5.Na3 Na5 6.Nc4 Nxc4 7.Bxc4 c6 8.Be2 Bc7
9.d4 e4 10.Bf1 d5 11.Ne2 O-O 12.c4 Ng4 13.h3 Qh4 14.g3 Qh6 15.Qd2 Be6 16.Bg2 Nf6
17.Rc1 Bd6 18.Bc3 Rfc8 19.Bb4 Bc7 20.Nf4 Bxf4 21.exf4 Qg6 22.Bd6 h5 23.O-O Nd7
24.cxd5 Bxd5 25.Ba3 Re8 26.Qe3 Nf6 27.Rc5 Qf5 28.Rfc1 Rad8 29.Ra5 a6 30.Bb2 Nh7
31.Bc3 Nf8 32.Bd2 Ng6 33.Qe2 Qf6 34.Be3 h4 35.Qh5 hxg3 36.fxg3 Ne7 37.g4 Ng6
38.f5 Nf8 39.Rf1 Rd7 40.g5 Qd6 41.f6 g6 42.Qh6 Ne6 43.h4 Qf8 44.Qxf8+ Rxf8
45.Bh3 Re8 46.Kf2 Rdd8 47.Rh1 Nc7 48.h5 gxh5 49.Bf1 Ne6 50.Rxh5 Nf8 51.Rc5 Ng6
52.Rc2 Be6 53.Kg3 Rd5 54.Rch2 Rf5 55.Be2 Rd8 56.Bg4 Rdd5 57.Bxf5 Rxf5 58.Rf2 Rd5
59.Rh1 c5 60.dxc5 Rd3 61.Re1 Bd5 62.Rd2 Bc6 63.Rxd3 exd3 64.Bd2 Kh7 65.Re3 Bb5
66.a4 Bc6 67.Rxd3 Nf8 68.Rd6 Ne6 69.b4 Kg6 70.Be3 Bxa4 71.Rxe6 fxe6 72.Kf4 Kf7
73.Ke5 Bc6 74.Kd6 Bb5 75.g6+ Kxg6 76.Kxe6 Bc4+ 77.Ke7 Bd5 78.Bd4 Bc4 79.Kd6 Bb3
80.Kc7 Bd5 81.Kd6 Bc6 82.Ke6 Bb5 83.c6 bxc6 84.Kd6 Kf7 85.Kc5 Ba4 86.Bc3 Bb5
87.Kb6 Ke6 88.Ka5 Kf7 89.Kb6 Bc4 90.Bb2 Bb5 91.Kc5 Ke6 92.Kd4 Kf7 93.Ke4 a5
94.bxa5 Ba6 95.Kd4 Bb5 96.Kc5 Bd3 97.Kb6 Ba6 98.Kxa6 c5 99.Kb6 c4 100.a6 c3
101.Bxc3 Ke6 102.a7 Kf7 103.a8=Q  1-0

[Event "Bullet Chess Winners 2024"]
[Site "chess.com INT"]
[Date "2024.06.11"]
[Round "3.12"]
[White "Nihal,Sarin"]
[Black "Nakamura,Hi"]
[Result "1-0"]
[WhiteElo "2669"]
[BlackElo "2794"]

1.c4 g6 2.Nf3 Bg7 3.g3 d6 4.Bg2 Nc6 5.d4 Bd7 6.Nc3 Qc8 7.d5 Ne5 8.Nxe5 Bxe5
9.h4 h6 10.h5 g5 11.f4 gxf4 12.Bxf4 Bxf4 13.gxf4 c5 14.dxc6 Bxc6 15.Rg1 Nf6
16.Qd4 Bxg2 17.Rxg2 Qc6 18.Kf2 a6 19.Nd5 Kd7 20.Nxf6+ exf6 21.Rg7 Rag8 22.Rxf7+ Ke8
23.Rxf6 Rg2+ 24.Ke3 Kd7 25.Rf7+ Ke8 26.Qf6 Qc5+ 27.Kd3 Rg3+ 28.Kd2 Qe3+ 29.Kd1 Rg1+
30.Kc2 Qxe2+ 31.Kb3 Qe3+ 32.Ka4 Rxa1 33.Rxb7 Rxa2+ 34.Kb4 a5+ 35.Kb5 Qc5+
36.Ka6 Qc6+ 37.Ka7 Qc5+ 38.Ka8 Qc8+ 39.Rb8 Kd7 40.Qf7+ Kc6 41.Qd5+ Kc7 42.Rxc8+ Rxc8+
43.Ka7 Rxb2 44.c5 dxc5 45.Qe5+ Kd7 46.Qxb2 Kc6 47.Qb7+ Kd6 48.Qxc8  1-0

[Event "Bullet Chess Winners 2024"]
[Site "chess.com INT"]
[Date "2024.06.11"]
[Round "3.13"]
[White "Nakamura,Hi"]
[Black "Nihal,Sarin"]
[Result "1/2-1/2"]
[WhiteElo "2794"]
[BlackElo "2669"]

1.b3 e5 2.Bb2 Nc6 3.e3 Nf6 4.Bb5 Bd6 5.Na3 Na5 6.Nc4 Nxc4 7.Bxc4 O-O 8.d4 e4
9.Ne2 c6 10.Nc3 Bc7 11.d5 Be5 12.Rb1 Re8 13.Qd2 d6 14.dxc6 bxc6 15.Na4 Bxb2
16.Rxb2 d5 17.Be2 Bg4 18.c4 Bxe2 19.Qxe2 Nd7 20.O-O Ne5 21.cxd5 cxd5 22.Rd2 Qg5
23.Kh1 Nd3 24.Nb2 Nb4 25.a3 Nc6 26.Rfd1 Rad8 27.Na4 h5 28.b4 Ne5 29.Nc5 Nc4
30.Rd4 Nxa3 31.h3 h4 32.Qa6 Nc2 33.R4d2 Nxb4 34.Qxa7 Qf6 35.Qa4 Nc6 36.Rc1 Ne5
37.Qd4 Rc8 38.Rcd1 Nc4 39.Qxf6 gxf6 40.Rxd5 Re5 41.Rxe5 fxe5 42.Nxe4 Kg7
43.Rd7 Ra8 44.Ng5 Kg6 45.Nxf7 Ra1+ 46.Kh2 Kf6 47.Nh6 Ra2 48.Ng4+ Ke6 49.Rh7 Nd2
50.Rxh4 Nf1+ 51.Kg1 Ra1 52.Rh6+ Kf5 53.Rh5+ Kg6 54.Rxe5 Nxe3+ 55.Kh2 Nf1+
56.Kg1 Ne3+ 57.Kh2 Nf1+ 58.Kg1 Ne3+  1/2-1/2

[Event "Bullet Chess Winners 2024"]
[Site "chess.com INT"]
[Date "2024.06.11"]
[Round "3.14"]
[White "Nihal,Sarin"]
[Black "Nakamura,Hi"]
[Result "0-1"]
[WhiteElo "2669"]
[BlackElo "2794"]

1.d4 g6 2.Nf3 Bg7 3.e3 d6 4.Be2 Nd7 5.O-O e5 6.dxe5 dxe5 7.e4 Ngf6 8.Nc3 O-O
9.Be3 c6 10.Bc4 Qc7 11.Bb3 b5 12.Qe2 a5 13.a3 Ba6 14.Rfd1 b4 15.Bc4 Bxc4
16.Qxc4 bxc3 17.Qxc3 Nxe4  0-1

[Event "Bullet Chess Winners 2024"]
[Site "chess.com INT"]
[Date "2024.06.11"]
[Round "3.15"]
[White "Nakamura,Hi"]
[Black "Nihal,Sarin"]
[Result "0-1"]
[WhiteElo "2794"]
[BlackElo "2669"]

1.b3 Nf6 2.Bb2 g6 3.e3 Bg7 4.Nf3 O-O 5.d4 d6 6.Be2 c5 7.O-O cxd4 8.Nxd4 d5
9.c4 dxc4 10.Bxc4 Bd7 11.Nd2 Nc6 12.N2f3 Rc8 13.Rc1 Qa5 14.Qe2 Rfd8 15.Rfd1 Nxd4
16.Bxd4 Bc6 17.Ne5 Be8 18.h4 Ne4 19.Qf3 Nd6 20.Ng4 h5 21.Nh2 Nxc4 22.bxc4 Ba4
23.Re1 Rxc4 24.Bxg7 Kxg7 25.Qg3 Bc6 26.Nf3 Rg4 27.Qe5+ Qxe5 28.Nxe5 Rxg2+
29.Kf1 Rd2 30.Re2 Bb5 31.Kxg2 Rxe2 32.Rc7 Kf6 33.Nf3 Bc6 34.Kg3 Rxa2 35.Nd4 Ra6
36.f4 Rb6 37.Rc8 a5 38.Ra8 a4 39.Nxc6 Rxc6 40.Rxa4 b5 41.Rb4 Rb6 42.e4 Ke6
43.Kf3 Kd6 44.Ke3 Kc5 45.Rb2 b4 46.Kd3 Rd6+ 47.Ke3 Rd7 48.Rc2+ Kb5 49.Rc8 b3
50.e5 e6 51.Rb8+ Kc4  0-1

[Event "Bullet Chess Winners 2024"]
[Site "chess.com INT"]
[Date "2024.06.11"]
[Round "3.16"]
[White "Nihal,Sarin"]
[Black "Nakamura,Hi"]
[Result "0-1"]
[WhiteElo "2669"]
[BlackElo "2794"]

1.d4 g6 2.Nf3 Bg7 3.Bf4 d6 4.e3 Nd7 5.h3 Ngf6 6.Bh2 O-O 7.Nbd2 Re8 8.Bc4 b6
9.Bxf7+ Kh8 10.Ng5 Nf8 11.Bxe8 Qxe8 12.Ngf3 Bb7 13.O-O N6d7 14.a4 e5 15.dxe5 dxe5
16.a5 e4 17.Nd4 c5 18.Nb5 Qe7 19.axb6 Nxb6 20.Rxa7 Rxa7 21.Nxa7 Ba6 22.Nc6 Qe8
23.Na5 Bxf1 24.Qxf1 Bxb2 25.Qb1 Na4 26.Nac4 Bg7 27.Qb7 Nc3 28.Nd6 Qa4 29.g4 Qxc2
30.N2xe4 Nxe4 31.Nxe4 c4 32.Kg2 c3 33.Qd5 Qb1 34.Ng5 h6 35.Nf7+ Kh7 36.Be5 c2
37.Bxg7 c1=Q  0-1

[Event "Bullet Chess Winners 2024"]
[Site "chess.com INT"]
[Date "2024.06.11"]
[Round "3.17"]
[White "Nakamura,Hi"]
[Black "Nihal,Sarin"]
[Result "1-0"]
[WhiteElo "2794"]
[BlackElo "2669"]

1.Nf3 Nf6 2.d4 g6 3.c4 d6 4.Nc3 Bg7 5.e4 O-O 6.Be2 Bg4 7.h3 Bxf3 8.Bxf3 Nc6
9.d5 Ne5 10.Be2 c5 11.O-O a6 12.f4 Ned7 13.a4 Rb8 14.Bf3 Qa5 15.Bd2 Qb4 16.b3 Qb6
17.a5 Qd8 18.Re1 b5 19.e5 Ne8 20.e6 Bd4+ 21.Kh1 fxe6 22.dxe6 Ndf6 23.cxb5 axb5
24.a6 b4 25.Nd5 Bxa1 26.Qxa1 Nxd5 27.Bxd5 Nf6 28.Bf3 Qb6 29.f5 Ra8 30.Bxa8 Rxa8
31.fxg6 hxg6 32.Bg5 Rxa6 33.Qb1 Kg7 34.Bxf6+ Kxf6 35.Qb2+ Kg5 36.Qg7 Qc7
37.h4+ Kf4 38.Qf7+  1-0

[Event "Bullet Chess Winners 2024"]
[Site "chess.com INT"]
[Date "2024.06.11"]
[Round "3.18"]
[White "Nihal,Sarin"]
[Black "Nakamura,Hi"]
[Result "1-0"]
[WhiteElo "2669"]
[BlackElo "2794"]

1.e4 g6 2.d4 Bg7 3.Nc3 c6 4.Be3 d5 5.Nf3 Nf6 6.e5 Ne4 7.Bd3 Nxc3 8.bxc3 Bg4
9.h3 Bxf3 10.Qxf3 e6 11.h4 h6 12.h5 g5 13.c4 dxc4 14.Bxc4 Nd7 15.O-O Nb6
16.Bd3 Nd5 17.c4 Nxe3 18.fxe3 Qe7 19.c5 Rf8 20.Rab1 f5 21.Ba6 Rb8 22.Bxb7 Rxb7
23.Qxc6+ Rd7 24.Rb7 f4 25.d5 fxe3 26.Rxf8+ Bxf8 27.dxe6 e2 28.Rb8+ Qd8 29.Qxd7+  1-0

[Event "Bullet Chess Winners 2024"]
[Site "chess.com INT"]
[Date "2024.06.11"]
[Round "3.19"]
[White "Nakamura,Hi"]
[Black "Nihal,Sarin"]
[Result "1-0"]
[WhiteElo "2794"]
[BlackElo "2669"]

1.e4 e5 2.Nc3 Nc6 3.Bc4 Nf6 4.d3 Bc5 5.h3 d6 6.Nge2 h6 7.Ng3 Be6 8.Bb3 O-O
9.O-O d5 10.Kh2 Re8 11.exd5 Nxd5 12.Nxd5 Bxd5 13.Bxd5 Qxd5 14.Nf5 Qe6 15.Qg4 Qg6
16.Qxg6 fxg6 17.Ng3 Nd4 18.c3 Nf5 19.Ne4 Bb6 20.g4 Nd6 21.Ng3 e4 22.d4 c5
23.d5 c4 24.Bf4 Rad8 25.Rad1 g5 26.Bxd6 Rxd6 27.Nf5 Rd7 28.Kg2 Red8 29.Rfe1 g6
30.Ng3 Rxd5 31.Rxd5 Rxd5 32.Nxe4 Kf7 33.Re2 Rd3 34.Rd2 Ke6 35.Re2 Kf7 36.b3 cxb3
37.axb3 Bc7 38.b4 b6 39.Ra2 a5 40.bxa5 bxa5 41.Rb2 Bf4 42.Rb7+ Kf8 43.Ra7 Rd5
44.Nf6 Rd2 45.Rxa5 Rc2 46.Nd5 Bd6 47.Ra6 Bc5 48.Rf6+ Kg7 49.Rf3 h5 50.Nf6 hxg4
51.hxg4 Bd6 52.Ne4 Bf4 53.Nc5 Kf6 54.Nd3 Ra2 55.Nxf4 gxf4 56.Rxf4+ Kg5 57.Rd4 Rc2
58.c4 Rc1 59.Kg3 Rc3+ 60.f3 Rc1 61.Rd5+ Kf6 62.c5 Rg1+ 63.Kf4 Rc1 64.Rd6+ Kf7
65.c6 Ke7 66.Rxg6 Kf7 67.Rh6 Rc4+ 68.Ke5 Kg7 69.g5 Rc3 70.Kd6 Rd3+ 71.Ke7 Re3+
72.Re6 Rc3 73.Kd7 Ra3 74.Rd6 Ra7+ 75.c7 Ra8 76.c8=Q Rxc8 77.Kxc8  1-0